000
00263nam a2200109Ia 4500
008
190216s9999||||xx |||||||||||||| ||und||
100
_a
Tandom B N
245
0
_a
Manual Of Secretarial Practice
260
_b
Nm Thripathi Pvt Ltd
_c
1979
300
_a
476p
942
_c
BK
999
_c
4388
_d
4388